| 000 | 00552nam a2200193 a 4500 | ||
|---|---|---|---|
| 001 | 514 | ||
| 003 | CDMR | ||
| 005 | 20131112131207.0 | ||
| 008 | 130130s2007||||||||||||||||||||||||||||d | ||
| 040 |
_aCDMR _bcat _cCDMR |
||
| 100 | 1 |
_aCanel, María José _9370 |
|
| 245 | 1 | 0 |
_aComunicación de las instituciones públicas _cMaría José Canel |
| 260 |
_aMadrid _c2007 _bTecnos |
||
| 300 | _a284 p. | ||
| 650 | 0 | 4 |
_93870 _aComunicació en l'administració |
| 650 | 0 | 4 |
_93324 _aComunicació en la política |
| 650 | 0 | 4 |
_93333 _aGabinets de premsa |
| 942 |
_cMON _2udc |
||
| 999 |
_c514 _d514 |
||